Hotel & Motel Chains by Logo Quiz Stats

 Plays Quiz not verified by Sporcle

Score 0/16 Timer 03:00
0 Plays Today
Number Hotel/Motel % Correct
1Marriott
76.6%
15Hilton
72.7%
4Sheraton
72.2%
8Days Inn
55.8%
3Double Tree
55.4%
5Holiday Inn
40.9%
16Comfort Inn
39%
14Best Western
34.4%
Number Hotel/Motel % Correct
7Ramada
31.3%
9Econo Lodge
28.7%
11Ritz Carlton
28.6%
6Four Seasons
26%
2Crowne Plaza
25.6%
13Clarion
20.9%
10Courtyard
16.5%
12Garden Inn
11.5%

You're not logged in!

Compare scores with friends on all Sporcle quizzes.
OR
Log In

Show Comments

Extras

Top Quizzes Today


Score Distribution

Your Account Isn't Verified!

In order to create a playlist on Sporcle, you need to verify the email address you used during registration. Go to your Sporcle Settings to finish the process.

Report this User

Report this user for behavior that violates our Community Guidelines.

Details: